College Quizbowl Stats
College Quizbowl Stats
Circuits
Seasons
Sets
Records
Detailed Stats
About
Loading...
2023 ARCADIA at Carleton University
Tossups
Bonuses
Players
Teams
Categories (Tossup)
Categories (Bonus)
Joey Sun
Toronto Ray of Sun in the Sky
Categories
Category
Powers
Gets
Negs
BBs
Points
Earliest Buzz
Avg. Buzz
First Buzzes
Top 3 Buzzes
BPA
PVF
Literature - American
0
1
0
0
10
93
93.00
0
1
0.00
0.00
Fine Arts - Visual
0
0
1
0
-5
0.00
0
0
0.00
0.00
History - World
0
0
1
0
-5
0.00
0
0
0.00
0.00
Science - Chemistry
0
0
1
0
-5
0.00
0
0
0.00
0.00
Buzzes
Category
Answer
Value
Buzz Position
History - World
Paul Kagame
-5
84
Literature - American
Vietnam War
10
93
Fine Arts - Visual
Dada
-5
95
Science - Chemistry
hydrophobicity
-5
112
Previous
1
Next